Specific aspects of globalization
Globalizácia má celý rad pozitívnych i negatívnych efektov v oblasti hospodárskej (zahranično-obchodnej), environmentálnej, (bio)technologickej ... Úspešná ľudská adaptačná stratégia narazila na zásadnú hranicu danú kapacitou zemskej biosféry. Východisko možno nájsť nastúpením cesty trvalo udržateľn...
Enregistré dans:
| Auteur principal: | |
|---|---|
| Format: | Chapitre de livre |
| Langue: | anglais |
| Sujets: | |
| Tags: |
Pas de tags, Soyez le premier à ajouter un tag!
|
MARC
| LEADER | 00000naa$a2200000$$$4500 | ||
|---|---|---|---|
| 001 | 0054710 | ||
| 005 | 20231128141220.6 | ||
| 041 | 0 | |a eng | |
| 044 | |a CZ | ||
| 245 | 1 | 0 | |a Specific aspects of globalization |c Miroslav Svatoš |
| 520 | |a Globalizácia má celý rad pozitívnych i negatívnych efektov v oblasti hospodárskej (zahranično-obchodnej), environmentálnej, (bio)technologickej ... Úspešná ľudská adaptačná stratégia narazila na zásadnú hranicu danú kapacitou zemskej biosféry. Východisko možno nájsť nastúpením cesty trvalo udržateľného rozvoja. Uplatnenie preventívneho princípu. | ||
| 610 | 2 | 0 | |a globalizácia |
| 610 | 2 | 0 | |a globalizácia hospodárstva |
| 610 | 2 | 0 | |a problémy globálne |
| 610 | 2 | 0 | |a liberalizácia |
| 610 | 2 | 0 | |a inovácia |
| 610 | 2 | 0 | |a biotechnológia |
| 610 | 2 | 0 | |a rozvoj trvalo udržateľný |
| 610 | 2 | 0 | |a prevencia |
| 100 | 1 | |a Svatoš, Miroslav | |